| 000 | 01480nam a2200349 c 4500 | ||
|---|---|---|---|
| 003 | BLK | ||
| 005 | 20180422115342.0 | ||
| 008 | 180411b bul|||||r ||||||| ||bul|| | ||
| 010 | _aKNG00193410000 | ||
| 040 | _aBLK | ||
| 041 |
_aBUL _cBUL |
||
| 080 |
_aВоенна история - Военни походи, битки, героични подвизи. Вж и 93/99 _b355.48 _x(497.2) _z355.48(497.2) |
||
| 100 | 1 |
_aДрангов, Борис С. _eпърви автор _9343531 |
|
| 700 | 1 |
_aШишков, Кузман _eсъстав. _9343532 |
|
| 700 | 1 |
_aКаранфилов, Ефрем _eпредг. от _9367837 |
|
| 139 |
_aДрангов, Борис С. _bД 87 |
||
| 245 | 1 | 0 |
_aИзбрани произведения _cБорис С. Дрангов; състав. Кузман Шишков; предг. от Ефрем Каранфилов. |
| 257 | _aBGR | ||
| 260 |
_аСофия _bВоен. изд. _c1985 |
||
| 300 |
_a236 _bс табл. _c21 см |
||
| 380 | _a3 | ||
| 500 | _a3 140 тир. - Библиогр. с. 227-232 / Кузман Шишков | ||
| 650 | 4 |
_aВоенно дело - България - история _9265078 |
|
| 650 | 4 |
_aВъоръжени сили - България - история _9257236 |
|
| 653 | _aбългарска армия | ||
| 653 | _aвоенна история | ||
| 852 | _aЦб 140160 | ||
| 856 | 4 |
_qpdf _u |
|
| 856 | 4 |
_qpdf _u |
|
| 942 |
_cKNG _n0 |
||
| 944 |
_aCR _c17.10.2016 _kВаля_Йорданова |
||
| 944 |
_aED _c17.10.2016 _kВаля_Йорданова |
||
| 999 |
_c184452 _d184452 |
||